000 01008nam a2200313 b 4500
001 0000617
003 DO-SdBNP
005 20241009120136.0
007 0000617
008 0506172004 sp spa
017 _a
_b
020 _a8437600782
035 _a
040 _aDO-SdBNP
_bspa
_cBPMSU
_e
082 4 _a868.13
_bJ91c 2004
_222
100 1 _aJuan Manuel
_d1282-1348
_cInfante de Castilla
245 1 0 _aLibro de los enxiemplos del Conde Lucanor e de Patronio /
_cDon Juan Manuel ; edición Alfonso I. Sotelo
_h
246 _aEl Conde Lucanor /
250 _a23a. ed.
260 _aMadrid :
_bCátedra,
_bGrupo Anaya,
_c2004.
300 _a340 p. ;
_c18 cm
490 0 _aLetras hispánicas,
_v53
500 _aIncluye referencias bibliográficas y notas a pie de páginas.
590 _aInventariado, 2024/VM
650 4 _aLiteratura española
_vColecciones de escritos.
700 1 _aSotelo, Alfonso I.
_eedición
910 _aVMateo V. Control de calidad. BPMSU
942 _2ddc
_cBK
999 _c11199
_d11199